Normal view
MARC view
Entry Personal Name
001 - CONTROL NUMBER
- control field: 9460
003 - CONTROL NUMBER IDENTIFIER
- control field: OSt
005 - DATE AND TIME OF LATEST TRANSACTION
- control field: 20220918110753.0
008 - FIXED-LENGTH DATA ELEMENTS
- fixed length control field: 220918|| aca||aabn | a|a d
040 ## - CATALOGING SOURCE
- Original cataloging agency: OSt
- Transcribing agency: OSt
100 ## - HEADING--PERSONAL NAME
- Personal name: रस्तोगी, आलोक कुमार
670 ## - SOURCE DATA FOUND
- Source citation: Work cat.: (OSt)114594: श्री शरण 9459, हिन्दी साहित्य का इतिहास, 1988
